Alberdi, el fragmento preliminar /

Análisis del Fragmento Preliminar al estudio del Derecho. Influencias de Hegel a través de Victor Cousin. La razón universal. Realización particular de la razón universal. La juventud del Salón Literario. Dialéctica entre lo universal y lo particular. La condición nacional. La filosofía como madre d...

Descripción completa

Guardado en:
Autor Principal: Feinmann, José Pablo
Autor Corporativo: Canal Encuentro.
Formato: Deslizar
Publicado: Argentina, 2009
Series:Filosofía aquí y ahora - Temporada 2
Materias:
Etiquetas: Agregar Etiqueta
Sin Etiquetas, Sea el primero en etiquetar este registro!
LEADER 01755ngm a22003015g 4500
001 CEM.cems023367
008 130507s2009##################0###0#####d
005 20250328164037.0
245 1 0 |a Alberdi, el fragmento preliminar /  |c José Pablo Feinmann. 
260 |a Argentina,  |c 2009 
300 |a 28'. 
490 0 |a Filosofía aquí y ahora - Temporada 2 
538 |a Soporte: DVD - Color: Si - Grabación DRD. 
520 |a Análisis del Fragmento Preliminar al estudio del Derecho. Influencias de Hegel a través de Victor Cousin. La razón universal. Realización particular de la razón universal. La juventud del Salón Literario. Dialéctica entre lo universal y lo particular. La condición nacional. La filosofía como madre de toda emancipación. Qué es una nación?. Mayo: la espada. Rosas: el orden. Alberdi: la hora del pensamiento, de la inteligencia. El pensamiento se basa sobre el orden. Entramos en el reinado del pensamiento. Valoración positiva de Rosas: la persona grande y poderosa que preside nuestros destinos públicos?. Unidad con Europa. La lógica de la historia. Una nueva era para los pueblos de Sudamérica. La cuestión del lenguaje. Armonía de nuestra lengua con la francesa. La tutela intelectual? de Europa. 
590 |a Identificación anterior registrada en SIABUC: D62B 
500 |a Consultar en ventanilla. 
100 1 |a Feinmann, José Pablo 
710 2 |a Canal Encuentro. 
082 1 0 |/ FEI-2 
653 |a FILOSOFIA 
653 |a ALBERDI 
653 |a FEINMANN 
653 |a FILOSOFIA ARGENTINA 
653 |a HISTORIA 
653 |a HISTORIA ARGENTINA 
653 |a FILOSOFIA AQUI Y AHORA 
653 |a SERIE DE TELEVISIÓN 
859 |a CEMS  |b BIB. CEMS - Depto. Recursos Didacticos  |h 100  |i FEI-2  |k DRD  |p 2010.15  |t Ej.1